[Event "Challenge"]
[Site "http://www.queenalice.com/game.php?id=356824"]
[Date "2008.2.18"]
[Round "-"]
[White "julianakp"]
[Black "Muelli"]
[Result "0-1"]
[WhiteElo "1268"]
[BlackElo "1447"]

1. d4 Nf6 2. e4 d5 3. exd5 Qxd5 4. b3 Bg4 5. f3 Qe6+ 6. Kf2 Ne4+ 7. Ke2 Nc3+ 8.
Kd2 Nxd1 9. Kxd1 Nc6 10. h3 h5 11. hxg4 Nxd4 12. gxh5 O-O-O 13. Bd3 Qe5 14. Rh4
Qg3 15. Rg4 Qh2 16. Bf5+ Nxf5+ 17. Ke1 Qxg1+ 18. Ke2 Qxc1 19. a4 Nd4+ 20. Kd3
Nxb3+ 21. Kc3 Nxa1 22. Kc4 Qxb1 23. Rd4 Qa2+ 24. Kd3 Nxc2 25. Ke4 Rxd4+ 26. Kf5
Rxh5# 0-1

[Event "Let's Play Chess!"]
[Site "http://www.queenalice.com/game.php?id=402099"]
[Date "2008.5.13"]
[Round "-"]
[White "trallala"]
[Black "Muelli"]
[Result "1-0"]
[WhiteElo "2150"]
[BlackElo "1440"]

1. e4 Nc6 2. d4 d5 3. e5 f6 4. f4 e6 5. Nf3 Bb4+ 6. c3 Ba5 7. Bd3 Nge7 8. O-O f5
9. Ng5 h6 10. Nh3 O-O 11. a4 a6 12. Nd2 Rb8 13. b4 Bxb4 14. cxb4 Nxb4 15. Nf3
Qe8 16. Be2 Nbc6 17. Ba3 1-0

[Event "Challenge"]
[Site "http://www.queenalice.com/game.php?id=845244"]
[Date "2010.10.13"]
[Round "-"]
[White "Martial"]
[Black "Muelli"]
[Result "0-1"]
[WhiteElo "1447"]
[BlackElo "1458"]

1. e4 e5 2. Nf3 Nf6 3. Bc4 d6 4. Ng5 d5 5. Bb5+ c6 6. Ba4 dxe4 7. Qe2 Qd4 8. Nc3
Ng4 9. Qxg4 Bxg4 10. O-O b5 11. Bb3 Be6 12. Nxe6 fxe6 13. Bxe6 b4 14. Na4 Qd6
15. Bc4 Nd7 16. f3 Nc5 17. Re1 Qd4+ 18. Kh1 Qxc4 19. d3 exd3 20. Rxe5+ Kd7 21.
Nxc5+ Bxc5 22. b3 Qc3 23. Rxc5 Qxa1 24. Kg1 Qxc1+ 25. Kf2 dxc2 26. g4 Qd2+ 27.
Kg3 Qd6+ 28. f4 Qxc5 29. Kh4 Qf2+ 30. Kg5 h6+ 31. Kh5 Qxh2+ 32. Kg6 Qxf4 33. a3
Qxg4+ 34. Kf7 Raf8# 0-1

[Event "Challenge"]
[Site "http://www.queenalice.com/game.php?id=846362"]
[Date "2010.10.15"]
[Round "-"]
[White "Muelli"]
[Black "JensJuergen1"]
[Result "1-0"]
[WhiteElo "1447"]
[BlackElo "1025"]

1. Nf3 d5 2. b3 e6 3. Bb2 c6 4. e3 Bc5 5. Be2 Nh6 6. Bxg7 Nf5 7. Bxh8 Ke7 8. Bd4
Bb4 9. Ne5 f6 10. Ng4 Qd6 11. Bxf6+ Kf7 12. Be5 Qc5 13. O-O h5 14. Nf6 d4 15.
Bxh5+ Ke7 16. Ng8+ Kd7 17. Nf6+ Kd8 18. exd4 Qb5 19. Nc3 Qb6 20. Nfe4 Bd7 21.
Bf6+ Kc7 22. Qg4 Kc8 23. Qg8+ Kc7 24. Be5+ Nd6 25. Bxd6+ Bxd6 26. Nxd6 Kxd6 27.
Qg3+ Ke7 28. Qg7+ Kd8 29. Qf6+ Kc7 30. Qe5+ Kc8 31. Bg4 Qd8 32. Bxe6 Na6 33. Ne4
Qf8 34. Nd6+ Kd8 35. Nxb7+ Kc8 36. Bxd7+ Kxd7 37. Nc5+ Kc8 38. Nxa6 Qf7 39. Qc5
Qe8 40. Rae1 Qd7 41. Re7 Qd8 42. Qxc6+ Qc7 43. Rxc7+ Kd8 44. Qxa8# 1-0

[Event "Challenge"]
[Site "http://www.queenalice.com/game.php?id=856401"]
[Date "2010.11.8"]
[Round "-"]
[White "Muelli"]
[Black "JensJuergen1"]
[Result "1-0"]
[WhiteElo "1481"]
[BlackElo "947"]

1. d3 d6 2. Nc3 Nc6 3. Nf3 Nf6 4. Ng5 Ne5 5. d4 Neg4 6. e3 e6 7. Bb5+ Bd7 8. f3
Nh6 9. O-O Nf5 10. e4 Nh6 11. e5 Nh5 12. f4 g6 13. Nce4 Qe7 14. Bxd7+ Kxd7 15.
c3 d5 16. Nc5+ Ke8 17. Qa4+ c6 18. Qb4 Rd8 19. Nxb7 Rd7 20. Qb6 Nf5 21. Qxc6 Bh6
22. Nxf7 Qxf7 23. Nd6+ Nxd6 24. exd6 Kf8 25. Qc8+ Kg7 26. Qc6 Nxf4 27. Bxf4 Bxf4
28. Rxf4 Qe7 29. Rf7+ Qxf7 30. Qxd7 Rf8 31. Qxf7+ Rxf7 32. Re1 Re7 33. dxe7 Kf7
34. e8=Q+ Kxe8 35. Rxe6+ Kf7 36. Ra6 h5 37. Rxa7+ Kf6 38. a4 g5 39. a5 g4 40. g3
Kf5 41. Rh7 Kg5 42. a6 Kf5 43. Rxh5+ Ke4 44. a7 Kd3 45. a8=Q Kc2 46. Qa1 Kb3 47.
Rxd5 1-0

[Event "Challenge"]
[Site "http://www.queenalice.com/game.php?id=867136"]
[Date "2010.12.3"]
[Round "-"]
[White "Muelli"]
[Black "Martial"]
[Result "0-1"]
[WhiteElo "1473"]
[BlackElo "1526"]

1. d4 d5 2. Nc3 Nf6 3. Bg5 e6 4. a3 h6 5. Bf4 Bd6 6. e3 O-O 7. Qd3 Re8 8. O-O-O
Nc6 9. Nf3 g5 10. Bxd6 Qxd6 11. Nb5 Qd7 12. Ne5 Nxe5 13. dxe5 Ne4 14. Qxe4 a6
15. Qb4 b6 16. Nxc7 Qxc7 17. Qd6 Qxd6 18. exd6 Rd8 19. Rd4 Rxd6 20. Be2 e5 21.
Rb4 a5 22. Rb5 Ba6 23. a4 Bxb5 24. Bxb5 d4 25. Rd1 Kg7 26. e4 h5 27. Rd3 g4 28.
h4 f5 29. f3 Rf8 30. g3 fxe4 31. fxe4 Rdf6 32. Rd1 Rf3 33. Kd2 Rxg3 34. Rh1 Rg2+
35. Ke1 Rxc2 36. Rf1 Rc1+ 37. Kd2 Rc5 38. Bd3 g3 39. Rxf8 Kxf8 40. Bf1 b5 41.
Bg2 bxa4 42. Kd3 Rb5 43. Kc2 Rb3 44. Bf1 d3+ 45. Kd2 a3 46. bxa3 Rxa3 47. Bxd3
g2 48. Ke3 g1=Q+ 49. Kd2 Qf2+ 50. Be2 Ra2+ 51. Kd3 Qxe2+ 52. Kc3 Rc2+ 53. Kb3
Qc4+ 54. Ka3 Qb4# 0-1

[Event "Challenge"]
[Site "http://www.queenalice.com/game.php?id=878081"]
[Date "2010.12.28"]
[Round "-"]
[White "Muelli"]
[Black "User0815"]
[Result "0-1"]
[WhiteElo "1483"]
[BlackElo "1642"]

1. e4 e6 2. d3 e5 3. Nf3 f6 4. Be2 Bb4+ 5. c3 Bc5 6. d4 Bd6 7. Bc4 g5 8. dxe5
fxe5 9. Bxg5 Nf6 10. Qd3 h6 11. Bh4 Qe7 12. O-O Qg7 13. Bxf6 Qxf6 14. Qd5 c6 15.
Qd3 b5 16. Bf7+ Kxf7 17. Nh4 Bc7 18. Qf3 Qxf3 19. Nxf3 d5 20. Nbd2 Rg8 21. Nh4
Bh3 22. f3 Bd8 23. f4 Bxh4 24. fxe5+ Ke7 25. Rf2 Bxf2+ 26. Kxf2 Rxg2+ 27. Ke3
Nd7 28. Nf3 dxe4 29. Nh4 Rxb2 30. Nf5+ Bxf5 31. Kd4 Rd2+ 32. Ke3 Rd3+ 33. Kf4
Rf3# 0-1

[Event "Challenge"]
[Site "http://www.queenalice.com/game.php?id=878084"]
[Date "2010.12.28"]
[Round "-"]
[White "Muelli"]
[Black "luan07"]
[Result "0-1"]
[WhiteElo "1483"]
[BlackElo "1577"]

1. e4 e5 2. Nf3 f6 3. Bc4 Ne7 4. O-O c6 5. d4 exd4 6. Nxd4 b5 7. Qh5+ g6 8. Ne6
gxh5 9. Nxd8 Kxd8 10. Bf7 Ng6 11. Bd2 a5 12. Bc3 Bg7 13. Rd1 Ke7 14. Bxg6 hxg6
15. Bd4 Na6 16. Bb6 f5 17. Nc3 Bxc3 18. bxc3 fxe4 19. Bxa5 d5 20. Rd4 Kf7 21.
Re1 Bf5 22. c4 bxc4 23. Bc3 Rhe8 24. Re3 Nc5 25. a3 Ne6 26. g3 Nxd4 27. Bxd4 Bh3
28. f3 exf3 29. Rxf3+ Kg8 30. Bc5 Re1+ 31. Kf2 Rae8 32. Re3 Rf1+ 33. Ke2 Rb8 34.
Rb3 Rxb3 35. cxb3 cxb3 36. Bd4 c5 37. Bc3 d4 38. Bb2 Rb1 39. a4 Rxb2+ 40. Kd3
Bf1+ 41. Ke4 d3 42. Kd5 d2 43. Kxc5 d1=Q 44. Kc6 Rc2+ 45. Kb6 Qd6+ 46. Ka7 Qa6+
47. Kb8 Rc8# 0-1